Statistiques concernant Pays d'Asie par Densité de Population

Cliquez ici pour prendre le quiz!

Statistiques générales

  • Ce quiz a été pris 112 fois
    (61 depuis la dernière actualisation)
  • Le résultat moyen est 13 sur 51

Statistiques - réponses

RangDensitéPays% Correct
26426Singapour
92%
511,8Mongolie
58%
8643Taiwan
54%
51087Bangladesh
50%
36 357Hong Kong
50%
119530Macao
50%
41204Maldives
50%
11381Inde
46%
9496Corée du Sud
42%
61032Bahrein
38%
13337Japon
35%
506Kazakhstan
35%
14328Philippines
35%
12372Israel
31%
4910Turkmenistan
31%
4526Kirghizistan
27%
17227Pakistan
27%
15324Sri Lanka
27%
4713Arabie Saoudite
23%
20188Népal
23%
4812Oman
23%
19190Qatar
23%
24130Thailande
23%
16278Vietnam
23%
4147Afghanistan
19%
4616Bhoutan
19%
3766Brunei
19%
21144Chine
19%
23130Indonésie
19%
22136Koweit
19%
10461Liban
19%
3190Malaisie
19%
3865Ouzbekistan
19%
4051Tadjikistan
19%
3092Chypre
15%
3577Irak
15%
4247Iran
15%
4429Laos
15%
3284Cambodge
12%
18207Corée du Nord
12%
26112Emirats Arabes Unis
12%
7738Palestine
12%
25118Syrie
12%
3675Timor Oriental
12%
2896Turquie
12%
4346Yemen
12%
27100Arménie
8%
2994Azerbaidjan
8%
3957Georgie
8%
3379Jordanie
8%
3478Myanmar
8%

Distribution des résultats

Percentile par nombre de réponses

% des personnes avec chaque résultat

Votre développement - résultats

Vous n’avez pas pris ce quiz depuis la dernière actualisation